000 00680nam a2200181Ia 4500
008 100921s9999 xx 000 0 und d
082 _b14523
_a891.462 थ 78
100 _aदारव्हेकर पुरूषोत्तम.
245 _aकट्यार काळजात घुसली.
260 _bपॉप्युलर प्रकाशन, मुंबई.
_c1978
300 _a120
_b---
365 _b7
520 _aललित-नाटके.
630 _aकट्यार काळजात घुसली.
650 _aललित-नाटके.
730 _aकट्यार काळजात घुसली.
942 _cBOOK
999 _c763636
_d763633